000 00703nmc a2200277 a 4500
003 AR-BaBNM
005 20251128211412.0
008 054020s2004 ||||||||||||||000 | spa||
020 _a950-07-2429-4
040 _cAR-BaBNM
100 1 _aMainé, Margarita
245 1 0 _aLluvia de plata
246 1 _aLluvia de plata
_by otras noticias
250 _a1ª ed.
260 _aBuenos Aires
_bSudamericana
_c2004
300 0 _a96 p.
_bil.
490 0 _aLa pluma del gato. Juvenil
650 4 _aLITERATURA ARGENTINA
653 _aLITERATURA JUVENIL
653 _aNARRATIVA
655 _aLITERATURA
700 1 _aMato, Silvia
_eilustrador
800 0 _aCanela
942 _cBK
998 _cmartin
999 _c19535
_d19535